All coldrain Songs - Statistics

General Stats
  • This quiz has been taken 9 times
    6 since last reset
  • The average score is 186 of 320
Answer Stats
Hint Answer % Correct
1st (2007 Demo) My Addiction
100%
Final Destination My addiction
100%
FINAL DESTINATION + VENGEANCE (XV RE: RECORDED) MY ADDICTION
100%
8AM Maxi-Single | FINAL DESTINATION + VENGEANCE (XV RE: RECORDED) | Final Destination | +2 others 8AM
75%
FATELESS A DECADE IN THE RAIN
75%
20180206: Live at Budokan A Decade in the Rain
75%
THE SIDE EFFECTS ANSWER / SICKNESS
75%
8AM Maxi-Single Believe
75%
Nonnegative Boys and Girls
75%
15 x (5 + U): Live at Yokohama Arena BOYS AND GIRLS
75%
The Revelation (International Release) | The Revelation (Japanese Release) Chasing Dreams
75%
OPTIMIZE EP CHASING SHADOWS
75%
Final Destination Counterfeits & lies
75%
15 x (5 + U): Live at Yokohama Arena | FINAL DESTINATION + VENGEANCE (XV RE: RECORDED) | HOMECOMING: LIVE AT NIPPON GAISHI HALL COUNTERFEITS & LIES
75%
Nothing Lasts Forever EP Die tomorrow
75%
20180206: Live at Budokan | Evolve (Live Album) | Three Days of Adrenaline (Live Album) Die Tomorrow
75%
Last Live at Studio Coast DIE TOMORROW
75%
OPTIMIZE EP DIGITOLL
75%
15 x (5 + U): Live at Yokohama Arena ENEMY MEDLEY (TO BE ALIVE / NEW FATE / RESCUE ME / ADRENALINE)
75%
15 x (5 + U): Live at Yokohama Arena | FATELESS | HOMECOMING: LIVE AT NIPPON GAISHI HALL | Last Live at Studio Coast ENVY
75%
20180206: Live at Budokan | Live & Backstage at Blare Fest 2020: Day One | Live & Backstage at Blare Fest 2020: Day Two Envy
75%
FATELESS | Last Live at Studio Coast FEED THE FIRE
75%
20180206: Live at Budokan | Live & Backstage at Blare Fest 2020: Day Two Feed the Fire
75%
20180206: Live at Budokan | Evolve (Live Album) | Fiction Maxi-Single | +3 others Fiction
75%
FINAL DESTINATION + VENGEANCE (XV RE: RECORDED) FICTION
75%
8AM Maxi-Single Fiction (Unplugged)
75%
Final Destination Final destination
75%
20180206: Live at Budokan | Evolve (Live Album) | Live & Backstage at Blare Fest 2020: Day Two | Three Days of Adrenaline (Live Album) Final Destination
75%
15 x (5 + U): Live at Yokohama Arena | FINAL DESTINATION + VENGEANCE (XV RE: RECORDED) | HOMECOMING: LIVE AT NIPPON GAISHI HALL | Last Live at Studio Coast FINAL DESTINATION
75%
15 x (5 + U): Live at Yokohama Arena | Last Live at Studio Coast | VENA FIRE IN THE SKY
75%
20180206: Live at Budokan | Live & Backstage at Blare Fest 2020: Day One Fire in the Sky
75%
OPTIMIZE EP FREEFALL
75%
15 x (5 + U): Live at Yokohama Arena | 20180206: Live at Budokan | FATELESS | +4 others F.T.T.T
75%
FATELESS INSIDE OUT
75%
20180206: Live at Budokan Inside Out
75%
HOMECOMING: LIVE AT NIPPON GAISHI HALL | Last Live at Studio Coast | THE SIDE EFFECTS JANUARY 1ST
75%
Live & Backstage at Blare Fest 2020: Day One January 1st
75%
THE SIDE EFFECTS LI(E)FE
75%
HOMECOMING: LIVE AT NIPPON GAISHI HALL | Last Live at Studio Coast | THE SIDE EFFECTS MAYDAY
75%
Live & Backstage at Blare Fest 2020: Day One Mayday
75%
HOMECOMING: LIVE AT NIPPON GAISHI HALL | Singles (2023) NEW DAWN
75%
Evolve (Live Album) | Live & Backstage at Blare Fest 2020: Day One | Through Clarity EP Persona
75%
Last Live at Studio Coast PERSONA
75%
VENA PRETTY LITTLE LIAR
75%
Live & Backstage at Blare Fest 2020: Day One | Live & Backstage at Blare Fest 2020: Day Two | THE SIDE EFFECTS Revolution
75%
15 x (5 + U): Live at Yokohama Arena | HOMECOMING: LIVE AT NIPPON GAISHI HALL | Last Live at Studio Coast REVOLUTION
75%
20180206: Live at Budokan | FATELESS R.I.P
75%
Last Live at Studio Coast | VENA RUNAWAY
75%
20180206: Live at Budokan Runaway
75%
FATELESS STAY
75%
20180206: Live at Budokan Stay
75%
Nothing Lasts Forever EP Stuck
75%
20180206: Live at Budokan | Evolve (Live Album) | Live & Backstage at Blare Fest 2020: Day One | +3 others The Revelation
75%
15 x (5 + U): Live at Yokohama Arena | HOMECOMING: LIVE AT NIPPON GAISHI HALL | Last Live at Studio Coast THE REVELATION
75%
15 x (5 + U): Live at Yokohama Arena | HOMECOMING: LIVE AT NIPPON GAISHI HALL | Last Live at Studio Coast | THE SIDE EFFECTS THE SIDE EFFECTS
75%
Live & Backstage at Blare Fest 2020: Day One The Side Effects
75%
VENA THE STORY
75%
Live & Backstage at Blare Fest 2020: Day One The Story
75%
VENA II THE STORY (ACOUSTIC)
75%
20180206: Live at Budokan The Story (Acoustic)
75%
20180206: Live at Budokan | Evolve (Live Album) | The Revelation (International Release) | The Revelation (Japanese Release) The War is On
75%
Evolve (Live Album) | The Revelation (International Release) | The Revelation (Japanese Release) Time Bomb
75%
Last Live at Studio Coast TIME BOMB
75%
15 x (5 + U): Live at Yokohama Arena | VENA VENA
75%
HOMECOMING: LIVE AT NIPPON GAISHI HALL VENA MEDLEY (VENA / WRONG / FIRE IN THE SKY / RUNAWAY)
75%
Nothing Lasts Forever EP We're not alone
75%
Evolve (Live Album) We're Not Alone
75%
VENA WORDS OF THE YOUTH
75%
VENA WRONG
75%
20180206: Live at Budokan Wrong
75%
The Enemy Inside | Three Days of Adrenaline (Live Album) You
75%
15 x (5 + U): Live at Yokohama Arena | Nonnegative 2020
50%
20180206: Live at Budokan | Evolve (Live Album) | FINAL DESTINATION + VENGEANCE (XV RE: RECORDED) | +5 others 24-7
50%
20180206: Live at Budokan | Evolve (Live Album) | The Enemy Inside | Three Days of Adrenaline (Live Album) Adrenaline
50%
HOMECOMING: LIVE AT NIPPON GAISHI HALL | Last Live at Studio Coast ADRENALINE
50%
Nothing Lasts Forever EP After dark
50%
Three Days of Adrenaline (Live Album) After Dark
50%
HOMECOMING: LIVE AT NIPPON GAISHI HALL AFTER DARK
50%
FATELESS AFTERMATH
50%
The Enemy Inside A tragic Instinct
50%
Three Days of Adrenaline (Live Album) A Tragic Instinct
50%
20180206: Live at Budokan | The Revelation (International Release) | Until the End EP Aware and Awake
50%
coldrain (Self-Titled Demo) Been So Long
50%
Evolve (Live Album) | The Revelation (International Release) | The Revelation (Japanese Release) Behind the Curtain
50%
Last Live at Studio Coast BEHIND THE CURTAIN
50%
Nonnegative Bloody Power Fame
50%
15 x (5 + U): Live at Yokohama Arena BLOODY POWER FAME
50%
VENA II BORN TO BLEED
50%
THE SIDE EFFECTS BREATHE
50%
15 x (5 + U): Live at Yokohama Arena | Nonnegative CALLING
50%
THE SIDE EFFECTS COEXIST
50%
Live & Backstage at Blare Fest 2020: Day Two Coexist
50%
FATELESS COLORBLIND
50%
20180206: Live at Budokan Colorblind
50%
20180206: Live at Budokan | Evolve (Live Album) | The Enemy Inside | Three Days of Adrenaline (Live Album) Confession
50%
Nonnegative Cut Me
50%
15 x (5 + U): Live at Yokohama Arena | HOMECOMING: LIVE AT NIPPON GAISHI HALL CUT ME
50%
Final Destination Deja vu
50%
FINAL DESTINATION + VENGEANCE (XV RE: RECORDED) | Last Live at Studio Coast DEJA VU
50%
HOMECOMING: LIVE AT NIPPON GAISHI HALL | VENA DIVINE
50%
Nonnegative Don't Speak
50%
Final Destination | Three Days of Adrenaline (Live Album) Doors
50%
FINAL DESTINATION + VENGEANCE (XV RE: RECORDED) DOORS
50%
The Revelation (International Release) | Until the End EP Evolve
50%
15 x (5 + U): Live at Yokohama Arena | Last Live at Studio Coast EVOLVE
50%
HOMECOMING: LIVE AT NIPPON GAISHI HALL | Last Live at Studio Coast | VENA GONE
50%
20180206: Live at Budokan Gone
50%
VENA II GONE (ACOUSTIC)
50%
15 x (5 + U): Live at Yokohama Arena | VENA HEART OF THE YOUNG
50%
Nonnegative Here with You
50%
15 x (5 + U): Live at Yokohama Arena HERE WITH YOU
50%
The Enemy Inside | Three Days of Adrenaline (Live Album) Hollow
50%
Fiction Maxi-Single I know
50%
OPTIMIZE EP INCOMPLETE
50%
Evolve (Live Album) | Through Clarity EP Inside of Me
50%
THE SIDE EFFECTS INSOMNIA
50%
Final Destination Just tonight
50%
FINAL DESTINATION + VENGEANCE (XV RE: RECORDED) JUST TONIGHT
50%
FATELESS LOST IN FAITH
50%
20180206: Live at Budokan Lost in Faith
50%
The Revelation (International Release) | Until the End EP March On
50%
The Enemy Inside | Three Days of Adrenaline (Live Album) New Fate
50%
20180206: Live at Budokan | Evolve (Live Album) | Live & Backstage at Blare Fest 2020: Day Two | Through Clarity EP No Escape
50%
15 x (5 + U): Live at Yokohama Arena | HOMECOMING: LIVE AT NIPPON GAISHI HALL | Last Live at Studio Coast NO ESCAPE
50%
OPTIMIZE EP OPTIMIZE
50%
1st (2007 Demo) | Final Destination Painting
50%
FINAL DESTINATION + VENGEANCE (XV RE: RECORDED) PAINTING
50%
Last Live at Studio Coast | Nonnegative | PARADISE (Kill the Silence) EP PARADISE (Kill the Silence)
50%
15 x (5 + U): Live at Yokohama Arena | HOMECOMING: LIVE AT NIPPON GAISHI HALL PARADISE (KILL THE SILENCE)
50%
PARADISE (Kill the Silence) EP PARADISE (Kill the Silence) for Bassists
50%
PARADISE (Kill the Silence) EP PARADISE (Kill the Silence) for Drummers
50%
PARADISE (Kill the Silence) EP PARADISE (Kill the Silence) for Lead Guitarists
50%
PARADISE (Kill the Silence) EP PARADISE (Kill the Silence) for Rhythm Guitarists
50%
PARADISE (Kill the Silence) EP PARADISE (Kill the Silence) for Singers
50%
Nonnegative Rabbit Hole
50%
15 x (5 + U): Live at Yokohama Arena | HOMECOMING: LIVE AT NIPPON GAISHI HALL RABBIT HOLE
50%
Evolve (Live Album) | The Enemy Inside | Three Days of Adrenaline (Live Album) Rescue Me
50%
The Enemy Inside | Three Days of Adrenaline (Live Album) Rise and Fall
50%
20180206: Live at Budokan | Evolve (Live Album) | Through Clarity EP Six Feet Under
50%
HOMECOMING: LIVE AT NIPPON GAISHI HALL SIX FEET UNDER
50%
Final Destination Someday
50%
FINAL DESTINATION + VENGEANCE (XV RE: RECORDED) SOMEDAY
50%
THE SIDE EFFECTS SPEAK
50%
THE SIDE EFFECTS STAY THE COURSE
50%
Final Destination Survive
50%
FINAL DESTINATION + VENGEANCE (XV RE: RECORDED) SURVIVE
50%
Evolve (Live Album) | The Enemy Inside | Three Days of Adrenaline (Live Album) The Maze
50%
15 x (5 + U): Live at Yokohama Arena THE MAZE
50%
Nothing Lasts Forever EP The youth
50%
Three Days of Adrenaline (Live Album) The Youth
50%
20180206: Live at Budokan | Evolve (Live Album) | Live & Backstage at Blare Fest 2020: Day Two | +2 others To Be Alive
50%
Last Live at Studio Coast TO BE ALIVE
50%
VENA II UNDERTOW
50%
FATELESS | Last Live at Studio Coast UNINVITED
50%
20180206: Live at Budokan Uninvited
50%
FINAL DESTINATION + VENGEANCE (XV RE: RECORDED) | HOMECOMING: LIVE AT NIPPON GAISHI HALL VENGEANCE
50%
Evolve (Live Album) | The Revelation (International Release) | The Revelation (Japanese Release) Voiceless
50%
The Revelation (International Release) | Until the End EP You Lie
50%
HOMECOMING: LIVE AT NIPPON GAISHI HALL YOU LIE
50%
Nonnegative Before I Go
25%
15 x (5 + U): Live at Yokohama Arena | HOMECOMING: LIVE AT NIPPON GAISHI HALL BEFORE I GO
25%
FATELESS BURY ME
25%
20180206: Live at Budokan Bury Me
25%
Evolve (Live Album) | The Revelation (Japanese Release) Carry On
25%
coldrain (Self-Titled Demo) Come Awake
25%
Fiction Maxi-Single Come awake
25%
The Revelation (International Release) | Until the End EP Fade Away
25%
The Revelation (Japanese Release) Falling Forever
25%
Nonnegative From Today
25%
15 x (5 + U): Live at Yokohama Arena FROM TODAY
25%
Evolve (Live Album) | The Revelation (International Release) | The Revelation (Japanese Release) Given Up On You
25%
15 x (5 + U): Live at Yokohama Arena GIVEN UP ON YOU
25%
Nonnegative Help Me Help You
25%
15 x (5 + U): Live at Yokohama Arena | HOMECOMING: LIVE AT NIPPON GAISHI HALL HELP ME HELP YOU
25%
Until the End EP House of Cards
25%
Three Days of Adrenaline (Live Album) Intro
25%
Nothing Lasts Forever EP Miss you
25%
Evolve (Live Album) Miss You
25%
15 x (5 + U): Live at Yokohama Arena MISS YOU
25%
Through Clarity EP Never look Away
25%
Evolve (Live Album) Never Look Away
25%
Evolve (Live Album) | The Revelation (Japanese Release) Next to You
25%
15 x (5 + U): Live at Yokohama Arena | THE SIDE EFFECTS SEE YOU
25%
Live & Backstage at Blare Fest 2020: Day Two See You
25%
Through Clarity EP The Future
25%
8AM Maxi-Single Time to go
25%
VENA WHOLE
25%
No matching quizzes found
Score Distribution
Percent of People with Each Score
Percentile by Number Answered
Your Score History
You have not taken this quiz since the last reset